Nueva carretera de Castellbisbal a Martorell / por I. Clopas Batlle
Publicado:
San Jorge, núm. 89 (1r trimestre 1973), pàg 51 :
MARC
| LEADER | 00000nam a2200000Ia 4500 | ||
|---|---|---|---|
| 008 | 160829s9999 xx 000 0 cat d | ||
| 100 | 1 | |a Clopas i Batlle, Isidre, |d 1913-2001 |9 24339 | |
| 245 | |a Nueva carretera de Castellbisbal a Martorell / por I. Clopas Batlle | ||
| 260 | |a San Jorge, núm. 89 (1r trimestre 1973), pàg 51 | ||
| 650 | 0 | |a Carreteres |z Barcelona (Província) |x Disseny i construcció |9 42899 | |
| 651 | 0 | |9 50689 |a Castellbisbal | |
| 651 | 0 | |a Martorell (Catalunya) |9 50658 | |
| 901 | |a Arxiu | ||
| 942 | |n 1 |2 udc | ||
| 952 | |0 0 |1 0 |4 0 |7 1 |9 50533 |a Arxiu |b Arxiu |d 2016-12-01 |l 0 |r 2016-12-01 00:00:00 |w 2016-12-01 |y ARXIU | ||
| 999 | |c 54375 |d 54375 | ||